Atlas de retinopatía diabética / (Record no. 57510)

MARC details
000 -LEADER
campo de control de longitud fija 00736nam a2200205 i 4500
001 - NÚMERO DE CONTROL
campo de control 57510
003 - IDENTIFICADOR DE NÚMERO DE CONTROL
campo de control ES-MaACL
007 - CAMPO FIJO DE DESCRIPCIÓN FÍSICA--INFORMACIÓN GENERAL
campo de control de longitud fija t|
008 - DATOS DE LONGITUD FIJA--INFORMACIÓN GENERAL
campo de control de longitud fija 031016s1968 sp ||||1| spa d
100 1# - ENTRADA PRINCIPAL--NOMBRE DE PERSONA
Nombre de persona Dolenek, A.
9 (RLIN) 45019
245 10 - MENCIÓN DEL TÍTULO
Título Atlas de retinopatía diabética /
Mención de responsabilidad, etc. por A. Dolenek y A. Takac ; prólogo para la edición española Enrique Salgado ; prólogo por Günther y G. Moknique ; [versión JuanDíaz Vázquez].
260 ## - PUBLICACIÓN, DISTRIBUCIÓN, ETC.
Lugar de publicación, distribución, etc. Barcelona, etc. :
Nombre del editor, distribuidor, etc. Científico Médica,
Fecha de publicación, distribución, etc. 1968.
300 ## - DESCRIPCIÓN FÍSICA
Extensión XV, 82 p. ;
Dimensiones 29 cm.
700 1# - ENTRADA AGREGADA--NOMBRE PERSONAL
Nombre de persona Takac, A.
9 (RLIN) 109096
700 1# - ENTRADA AGREGADA--NOMBRE PERSONAL
Nombre de persona Salgado, Enrique.
9 (RLIN) 101895
700 1# - ENTRADA AGREGADA--NOMBRE PERSONAL
Nombre de persona Günther, G.
9 (RLIN) 60961
700 1# - ENTRADA AGREGADA--NOMBRE PERSONAL
Nombre de persona Moknique, G.
9 (RLIN) 81833
700 1# - ENTRADA AGREGADA--NOMBRE PERSONAL
Nombre de persona Díaz Vázquez, J.
9 (RLIN) 44450
852 ## - LOCALIZACIÓN
Ubicación ES-MaACL
Número de control de estantería G-5464
Sublocalización o colección R.65816
Holdings
Estatus retirado Estado de pérdida Estado de daño No para préstamo Biblioteca de origen Biblioteca actual Ubicación en estantería Fecha de adquisición Fuente de adquisición Total de préstamos Signatura topográfica completa Código de barras Visto por última vez Precio de reemplazo Tipo de ítem Koha
        Biblioteca del Ateneo de Madrid Biblioteca del Ateneo de Madrid Depósito 2 17/01/2008     G-5464 1060373 23/02/2023 23/02/2023 Libro impreso